Guía de uso e implementación de la norma MasterFormat 2004 en la elaboración de especificaciones técnicas y otros documentos constructivos

Gardado en:
Detalles Bibliográficos
Autor Principal: Alpízar Barrantes, Luis Francisco
Formato: Libro
Publicado: [San José, Costa Rica] 2007
Materias:
Etiquetas: Engadir etiqueta
Sen Etiquetas, Sexa o primeiro en etiquetar este rexistro!

MARC

LEADER 00000nam a2200000Ia 4500
003 009899
005 20221231144109.0
008 140114s2007 cr a 000 ||s d
040 |c cru CEDI  
090 |a TFG 5427 
100 |a Alpízar Barrantes, Luis Francisco   |9 4920 
245 |a  Guía de uso e implementación de la norma MasterFormat 2004 en la elaboración de especificaciones técnicas y otros documentos constructivos 
260 |c 2007  |b [San José, Costa Rica] 
300 |a xi, 246 páginas; fotografías, ilustraciones (principalmente a color) 
500 |a Tesis (licenciatura en ingeniería civil)--Universidad de Costa Rica. Facultad de Ingeniería. Escuela de Ingeniería Civil 
650 |x INDUSTRIA DE LA CONSTRUCCION  |x  DISEÑO Y CONSTRUCCION   |x  ESPECIFICACIONES   |x NORMAS   |9 4921 
942 |c TFG 
999 |c 16848  |d 16848